| 000 | 00857cam a2200181 4500 | ||
|---|---|---|---|
| 001 | ##L132383 | ||
| 008 | 060201n1904 000 0 eng u | ||
| 035 | _a(Sirsi) u132383 | ||
| 041 | 0 | _aeng | |
| 050 | 0 | 4 | _a692.5 $2 18 |
| 100 | 1 | _aGrubb, Herbert C. | |
| 245 | 0 | 0 | _aBuilders' Quantities |
| 260 |
_aLondon _bMethuen and Co _c1904 |
||
| 300 |
_aviii, 227p _bdrawings, tables _c19cm |
||
| 520 | _aA guide to the measurement of builders' quantities, with worked examples, aimed at students preparing for the City and Guilds of London Institute examination. Covers the following trades: drainage, bricklayer, mason, tiler, slater, carpenter, joiner and ironmonger, smith and founder, plasterer, plumber, zinc-worker, gasfitter, hot-water engineer, bellhanger, painter, glazier and paperhanger. | ||
| 690 | _aBUILT ENVIRONMENT-BUILDING COSTS | ||
| 942 | _n0 | ||
| 999 |
_c105117 _d105117 |
||